ბათუმის შოთა რუსთაველის სახელმწიფო უნივერსიტეტის ბიბლიოთეკა

Marine Biologikal Diversity in the Black Sea. (ბიბ.ჩანაწერი № 35649)

000 -LEADER
fixed length control field 00624nam a2200241Ia 4500
001 - CONTROL NUMBER
control field 1521
003 - CONTROL NUMBER IDENTIFIER
control field GE_BSU
008 - FIXED-LENGTH DATA ELEMENTS--GENERAL INFORMATION
fixed length control field 181216s||||||||xx |||||||||||||| ||und||
020 ## - INTERNATIONAL STANDARD BOOK NUMBER
International Standard Book Number 9211260426
040 ## - CATALOGING SOURCE
Transcribing agency GE_BSU
080 ## - UNIVERSAL DECIMAL CLASSIFICATION NUMBER
Universal Decimal Classification number 574
245 ## - TITLE STATEMENT
Title Marine Biologikal Diversity in the Black Sea.
245 #2 - TITLE STATEMENT
Remainder of title A Study of change and Decline
245 ## - TITLE STATEMENT
Statement of responsibility, etc. By yu.Zaisten and Mamaev
260 ## - PUBLICATION, DISTRIBUTION, ETC.
Place of publication, distribution, etc. New York
260 ## - PUBLICATION, DISTRIBUTION, ETC.
Name of publisher, distributor, etc. United Nations Publications
260 ## - PUBLICATION, DISTRIBUTION, ETC.
Date of publication, distribution, etc. 1997
300 ## - PHYSICAL DESCRIPTION
Extent 208стр.
653 ## - INDEX TERM--UNCONTROLLED
Uncontrolled term Marine Biologikal Diversity in the Black Sea.
653 ## - INDEX TERM--UNCONTROLLED
Uncontrolled term ბიოლოგია
942 ## - ADDED ENTRY ELEMENTS (KOHA)
Koha item type წიგნი
ეგზემპლარები
Withdrawn status Lost status Damaged status Not for loan Date acquired Barcode Date last seen Price effective from Koha item type
        2018-12-17 2016 2018-12-17 2018-12-17 წიგნი